Toán học cao cấp T.3

TO305 ĐaÌ£i số tuyến tính 1; TO080 Cơ sở đại số hiện đại; TO065 Học phần tốt nghiệp 1; TO009 Đại số tuyến tính 2; TO309 Giải tích hàm nhiều biến; TO Giải tích 3; TO Giải tích 4

שמור ב:
מידע ביבליוגרפי
מחבר ראשי: Nguyễn, Đình Trí (chủ biên)
מחברים אחרים: Tạ, Văn Đĩnh
פורמט: ספר
שפה:Undetermined
יצא לאור: H. Giáo dục 2003
נושאים:
גישה מקוונת:http://lrc.tdmu.edu.vn/opac/search/detail.asp?aID=2&ID=6077
תגים: הוספת תג
אין תגיות, היה/י הראשונ/ה לתייג את הרשומה!
Thư viện lưu trữ: Trung tâm Học liệu Trường Đại học Thủ Dầu Một
LEADER 01038nam a2200241Ia 4500
001 TDMU_6077
008 210410s9999 xx 000 0 und d
082 |a 515.9 
090 |b NG527 
100 |a Nguyễn, Đình Trí (chủ biên) 
245 0 |a Toán học cao cấp 
245 0 |c Nguyễn Đình Trí 
245 0 |n T.3 
245 0 |p Phép tính giải tích nhiều biến số 
260 |a H. 
260 |b Giáo dục 
260 |c 2003 
300 |a 276tr. 
520 |a TO305 ĐaÌ£i số tuyến tính 1; TO080 Cơ sở đại số hiện đại; TO065 Học phần tốt nghiệp 1; TO009 Đại số tuyến tính 2; TO309 Giải tích hàm nhiều biến; TO Giải tích 3; TO Giải tích 4 
650 |a Giải tích nhiều biến; Toán cao cấp  |x Giải tích 
700 |a Tạ, Văn Đĩnh 
856 |u http://lrc.tdmu.edu.vn/opac/search/detail.asp?aID=2&ID=6077 
980 |a Trung tâm Học liệu Trường Đại học Thủ Dầu Một